000 01274cad a22002895a 4500
001 L157567
005 20250804135432.0
008 130122s2013 xxk f 000 0 eng d
020 _a9781842199206
035 _a(Sirsi) u157567
041 0 _aeng
110 2 _aRoyal Institution of Chartered Surveyors
_94900
245 0 4 _aLicence for alterations in commercial property
_h[archived]
246 _aLicense to alter
250 _a2nd ed
260 _aLondon
_bRICS
_c2013
300 _a20p
490 0 _aRICS Guidance Note
520 _aOffers guidance to chartered surveyors dealing with requests from commercial property tenants wishing to carry out alterations to office and industrial properties. Covers tenant applications, factors to consider and third party input and documentation to be included with application. Sometimes also called Licence to Alter.
520 _aWithdrawn and archived May 2022.
590 _aKA
651 4 _aEngland and Wales
690 _aCommercial property
_96227
690 _aLandlord and tenant
_96252
856 4 0 _uhttps://www.isurv.com/downloads/file/4915/archive_licence_for_alterations_in_commercial_property_2nd_edition_january_2013%E2%80%93may_2022
_zArchived on isurv (subscription required)
942 _n0
_2ddc
999 _c114841
_d114841